00353nam a2200133Ia 4500008004100000041000800041082001500049100002100064245004500085250001400130260003600144300003000180365000900210240624s9999 xx 000 0 und d aeng a300.72 MAX aMAXWELL JOSEPH A aQUALITATIVE RESEARCH DESIGN AN INTERACTI a(3rd ed.) c2013aLondonbSage Publications axi, : 218 : p. : cm. ; 23 cb26